000 00577nam a2200193Ia 4500
005 20250326141032.0
008 250326s9999 xx 000 0 und d
020 _a0-07-463108-X
037 _aTextbook
040 _aFMSL
_beng
_cFMSL
041 _aeng
_2eng
084 _aX:80gD658(2:55) N9
_qFMSL
100 _aSadagopan S
_9741647
245 0 _aERP: A managerial perspective
_cSadagopan S
260 _aNew Delhi
_bNew Delhi, Tata McGraw-Hill publishing
_c1999
300 _aviii,261
942 _cTB
_hX:80gD658(2:55) N9
999 _c1288402
_d1288402